Κατάλογος Βιβλιοθηκών Mediterranean College

Ο Απόδημος Ελληνισμός στις Σκανδιναβικές Χώρες (Σουηδία, Φινλανδία) και στην Κεντρική Ευρώπη (Ουγγαρία, Τσεχία, Σλοβακία, Πολωνία και Αυστρία) (Record no. 2348)

MARC details
000 -LEADER
fixed length control field 01230cam a22001934a 4500
005 - ΗΜΕΡΟΜΗΝΙΑ ΚΑΙ ΩΡΑ ΤΕΛΕΥΤΑΙΑΣ ΕΝΗΜΕΡΩΣΗΣ
Πεδίο ελέγχου 20250605164038.0
008 - FIXED-LENGTH DATA ELEMENTS--GENERAL INFORMATION
Πεδίο ελέγχου σταθερού μήκους 250528s ||||||||||||||||||||||||d
035 ## - SYSTEM CONTROL NUMBER
System control number 16898
040 ## - ΠΗΓΗ ΚΑΤΑΛΟΓΟΓΡΑΦΗΣΗΣ
Φορέας πρωτότυπης καταλογογράφησης MC Athens Campus Library
Γλώσσα καταλογογράφησης Ελληνικά, Μοντέρνα (1453-)
Modifying agency MC Athens Campus Library
Κανόνες περιγραφικής καταλογογράφησης AACR2
245 1# - ΤΙΤΛΟΣ ΚΑΙ ΔΗΛΩΣΗ ΥΠΕΥΘΥΝΟΤΗΤΑΣ
Τίτλος Ο Απόδημος Ελληνισμός στις Σκανδιναβικές Χώρες (Σουηδία, Φινλανδία) και στην Κεντρική Ευρώπη (Ουγγαρία, Τσεχία, Σλοβακία, Πολωνία και Αυστρία)
260 ## - PUBLICATION, DISTRIBUTION, ETC.
Name of publisher, distributor, etc. Υπουργείο Εξωτερικών,
Date of publication, distribution, etc. 1999
300 ## - PHYSICAL DESCRIPTION
Extent 264
505 0# - FORMATTED CONTENTS NOTE
Formatted contents note Εισαγωγή, Σουηδία, Φινλανδία, Ουγγαρία, Τσεχία, Σλοβακία, Πολωνία, Αυστρία, Παράρτημα: Πρεσβείες και Προξενεία της Ελλάδας στις Χώρες Μελέτης.
520 ## - SUMMARY, ETC.
Summary, etc. Εισαγωγή, Σουηδία, Φινλανδία, Ουγγαρία, Τσεχία, Σλοβακία, Πολωνία, Αυστρία, Παράρτημα: Πρεσβείες και Προξενεία της Ελλάδας στις Χώρες Μελέτης.
700 1# - ΠΡΟΣΘΕΤΗ ΑΝΑΓΡΑΦΗ--ΦΥΣΙΚΟ ΠΡΟΣΩΠΟ
Personal name Καζάκος Πάνος
9 (RLIN) 2990
942 ## - ADDED ENTRY ELEMENTS (KOHA)
Koha item type Books
Holdings
Τύπος τεκμηρίου Βιβλιοθήκη Τρέχουσα τοποθεσία Barcode Αριθμός εισαγωγής Ημερομηνία απόκτησης Ταξιθετικό σύμβολο Αριθμός αντιτύπου Κατάσταση απόσυρσης Κατάσταση χαμένου Κατάσταση κατεστραμμένου Μη δανεισμός Σύνολο δανεισμών Ημερομηνία τελευταίας εμφάνισης Η τιμή ισχύει από
Books MC Athens Campus Library MC Athens Campus Library 9780000023476 5554 05/06/2025 909.0489 KAZ 1           05/06/2025 05/06/2025

MC Athens Campus Library
Πατησίων 94 & Κοδριγκτώνος 13, 104 34
Πελλήνης 8 & Πατησίων 107, 112 51
Τ: +30 210 8899600

MC Thessaloniki Campus Library
Ίωνος Δραγούμη 21, 54625 | Ίωνος Δραγούμη 15, 54625
Τ: +30 2310 287779 – Τ: +30 2314 440300